000 00501 a2200157 4500
999 _c3146
_d3146
020 _a978019923810
050 _aKD661 PAR 2008
100 _aPartington, Martin
_eauthor
245 _aAn introduction to the English legal system /
_cMartin Partington
250 _a4th ed.
264 _aUnited States :
_bOxford University Press,
_c2008
300 _axxvi,303p. :
500 _aIncludes bibliographical references and index
650 _aLaw--
_xGreat Britain
942 _2lcc
_cBK
_e4th ed.
_h661
_iPAR
_kKD